MARC

LEADER 00000nam0a2200000 4500
001 220315
005 20231101230326.0
010 |a 0521398819 
035 |a (RuTPU)RU\TPU\book\240437 
035 |a RU\TPU\book\240436 
090 |a 220315 
100 |a 20120822d1999 m y0engy50 ba 
101 0 |a eng 
102 |a GB 
105 |a a j 000zy 
200 1 |a Active Listening. Introducing. Skills for Understanding  |e Student's Book 1  |f M. Helgesen, S. Brown 
205 |a 3rd ed. 
210 |a Cambridge  |c Cambridge University Press  |d 1999 
215 |a 69 p.  |c il. 
606 1 |a Английский язык  |x Учебные руководства и пособия  |x Пособия по развитию речи, разговорники  |2 stltpush  |3 (RuTPU)RU\TPU\subj\29074  |9 52486 
610 1 |a лексика 
610 1 |a грамматика 
610 1 |a аудирование 
610 1 |a разговорная речь 
610 1 |a упражнения 
686 |a Ш143.21-923.4  |v LBC/SL-A  |2 rubbk 
700 1 |a Helgesen  |b M.  |g Marc 
701 1 |a Brown  |b S.  |g Steven 
801 1 |a RU  |b 63413507  |c 20120822 
801 2 |a RU  |b 63413507  |c 20120925  |g RCR 
942 |c BK